[Event "45th Olympiad 2024"]
[Site "Budapest HUN"]
[Date "2024.09.14"]
[Round "4.40"]
[Board "1"]
[White "Tissir, Mohamed"]
[Black "Meier, Georg"]
[Result "0-1"]
[WhiteElo "2355"]
[BlackElo "2591"]
[PlyCount "90"]
[EventDate "2024.09.11"]
[WhiteTeam "Morocco"]
[BlackTeam "Uruguay"]
[WhiteTeamCountry "MAR"]
[BlackTeamCountry "URU"]

1. e4 e6 2. d4 d5 3. Nc3 Nf6 4. Bg5 dxe4 5. Nxe4 Nbd7 6. Nf3 h6 7. Nxf6+ Nxf6 8. Be3 Bd6 9. Bd3 O-O 10. Qe2 b6 11. O-O-O Bb7 12. Rhg1 ({RR} 12. Ne5 Nd5 13. Bd2 Qh4 14. Qe4 Qxe4 15. Bxe4 b5 16. f4 Rfd8 17. Bf3 a5 18. Rhe1 c5 19. dxc5 Bxc5 20. a4 b4 21. Nc4 Ba6 22. Ne3 Bxe3 23. Bxe3 Nxe3 24. Rxe3 Rxd1+ 25. Kxd1 Rd8+ 26. Kc1 Bc4 {1-0 Naiditsch,A (2685)-Fridman,D (2645) EU-ch blitz 29th 2010 (11)}) ({RR} 12. Kb1 c5 13. c3 Nd5 14. Bc2 Qc7 15. Bc1 Rfd8 16. h4 Bf4 17. Be3 Nf6 18. Rh3 Rac8 19. g4 Nxg4 20. Rg1 h5 21. dxc5 Bxe3 22. fxe3 Bxf3 23. Rxf3 Qxc5 24. Rfg3 Qe5 25. Qg2 Rd7 26. Bd1 f5 {0-1 Narayanan,S (2529)-Meier,G (2626) Wch Rapid Moscow 2019 (2)}) 12... Nd5 13. g4 Nb4 $146 ({RR} 13... Nf4 14. Bxf4 Bxf4+ 15. Kb1 Qd5 16. Ne5 Bxe5 17. dxe5 Qf3 18. Qd2 g5 19. Rg3 Qf4 20. Qxf4 gxf4 21. Rh3 Kg7 22. g5 h5 23. g6 Rh8 24. Rg1 Rad8 25. Rh4 Rd4 26. b3 c5 27. gxf7+ Kxf7 28. Rg6 {0-1 Matinian,N (2454)-Fridman,D (2626) Cappelle Online Blitz op 2022 (6)}) ({RR} 13... Nf4 14. Bxf4 Bxf4+ 15. Kb1 Qd5 16. Ne5 Bxh2 17. g5 Bxg1 18. Rxg1 Qxd4 19. gxh6 g6 20. Nxg6 fxg6 21. Qxe6+ Kh8 22. Qxg6 Qd7 23. Qg7+ Qxg7 24. hxg7+ Kg8 25. gxf8=Q+ Kxf8 26. Bc4 Ke7 27. Re1+ Kd6 28. Re6+ {1-0 Chirilov,J (2082)-Tang,B (2324) Charlotte Spring IMB 2024 (7.2)}) ({RR} 13... Nf4 14. Bxf4 Bxf4+ 15. Kb1 Qd5 16. Ne5 Rad8 17. g5 Bxe5 18. dxe5 Qf3 19. gxh6 g6 20. Qe1 Rd4 21. Rd2 Rfd8 22. Re2 Qh5 23. b3 Qxh6 24. Re3 Rh4 25. Reg3 Qf4 26. f3 Rxh2 27. Bxg6 fxg6 28. Rxg6+ {½-½ Andriasian,Z (2588)-Rychagov,A (2538) Kavala op 19th 2010 (4)}) ({RR} 13... Nf4 14. Bxf4 Bxf4+ 15. Kb1 Qd5 16. Ne5 Bxh2 17. c4 Qd8 18. g5 Bxg1 19. Rxg1 hxg5 20. Qh5 f5 21. f4 Qxd4 22. Qxg5 Rf7 23. Rg3 Rd8 24. Qg6 Rdd7 25. Rh3 Qxe5 26. fxe5 Rxd3 27. Qh7+ Kf8 28. Rxd3 {1-0 Kollars,D (2586)-Fridman,D (2615) German Masters 2020 (6)}) 14. g5 Nxd3+ 15. Qxd3 h5 16. Qe2 Qe8 17. Ne5 Be4 18. Kb1 Bxe5 19. dxe5 Qc6 20. Rd4 Rad8 21. Rc1 Rxd4 22. Bxd4 Rd8 23. Bc3 h4 24. a3 Bf3 25. Qe3 Qe4 26. Qxe4 Bxe4 27. Rg1 Bf3 28. Kc1 Kh7 29. b3 Kg6 30. Bd2 Rd4 31. Re1 Rg4 32. Re3 Rg1+ 33. Kb2 Bd5 34. c4 Bc6 35. Rh3 Kh5 36. Kc3 Be4 37. Re3 Bf5 38. Rf3 c5 39. b4 Ra1 40. Kb2 Rh1 41. bxc5 bxc5 42. Be3 Rxh2 43. Bxc5 h3 44. Rf4 Rh1 45. Be7 h2 0-1

[Event "45th Olympiad 2024"]
[Site "Budapest HUN"]
[Date "2024.09.14"]
[Round "4.40"]
[Board "2"]
[White "Vazquez, Facundo"]
[Black "Elbilia, Jacques"]
[Result "1/2-1/2"]
[WhiteElo "2388"]
[BlackElo "2343"]
[PlyCount "107"]
[EventDate "2024.09.11"]
[WhiteTeam "Uruguay"]
[BlackTeam "Morocco"]
[WhiteTeamCountry "URU"]
[BlackTeamCountry "MAR"]

1. d4 Nf6 2. c4 e6 3. Nc3 d5 4. cxd5 exd5 5. Bg5 Bb4 6. e3 h6 7. Bh4 Bf5 8. Qa4+ $146 ({RR} 8. Qb3 Nc6 9. a3 Bxc3+ 10. bxc3 g5 11. Bg3 Rb8 12. Nf3 Ne4 13. Be2 Be6 14. Nd2 Nxg3 15. hxg3 Ne7 16. Bd3 f5 17. Qc2 Qd7 18. Nf3 Ng6 19. g4 Nh4 20. Nxh4 gxh4 21. gxf5 Bf7 22. Rxh4 Qe7 {1-0 Marjanovic,S (2070)-Vivoda,S Nova Gorica op 02nd 1997 (5)}) ({RR} 8. Bd3 Bxd3 9. Qxd3 c6 10. Nf3 Nbd7 11. O-O O-O 12. Ne5 Be7 13. f4 Nxe5 14. fxe5 Nd7 15. Bg3 Bh4 16. Bf4 Qe8 17. e4 dxe4 18. Nxe4 Qe6 19. Nd6 f5 20. Be3 Qd5 21. Rad1 Be7 22. Nxf5 Rf7 {1-0 Caruana,F (2793)-Nepomniachtchi,I (2767) Saint Louis Blitz 2024 (15.2)}) ({RR} 8. Qf3 Be4 9. Bxf6 Qd6 10. Qh3 Qxf6 11. Qc8+ Qd8 12. Qxb7 Bxc3+ 13. bxc3 Nd7 14. Nf3 O-O 15. Qc6 Rb8 16. Bb5 Nf6 17. O-O Rb6 18. Qc5 Ng4 19. h3 Rg6 20. Ne1 Bxg2 21. Nxg2 {1-0 Geirnaert,S (2438)-De Waele,W (2365) ch-BEL 2024 Lier BEL (4.3)}) ({RR} 8. Bd3 Bxd3 9. Qxd3 g5 10. Bg3 Ne4 11. Nge2 Nc6 12. O-O Nxg3 13. Nxg3 Qd7 14. Rac1 O-O 15. f4 g4 16. f5 f6 17. Rf4 Qg7 18. Nxd5 Bd6 19. Rff1 Bxg3 20. hxg3 Rfe8 21. b4 Rad8 22. e4 a6 {0-1 Bures,V (2121)-Kovacs,K (2187) Titled Tuesday intern op 04th Jan blitz 2022 (5)}) ({RR} 8. Qb3 Bxc3+ 9. bxc3 Nbd7 10. Qxb7 O-O 11. Bg3 c5 12. Qa6 Ne4 13. Ne2 Re8 14. Qa3 Nb6 15. dxc5 Nc4 16. Qc1 Nxc5 17. Nd4 Bd3 18. Be2 Bxe2 19. Kxe2 Qf6 20. Rd1 Qa6 21. Ke1 Rac8 22. Ne2 Ne4 {1-0 Iniyan,P (2556)-Aniruddh,C (2174) Dubai op 22nd 2022 (1)}) 8... Nc6 9. Bb5 O-O 10. Nge2 Qd6 11. O-O Bxc3 12. Nxc3 Ne7 13. Qb3 c6 14. Be2 g5 15. Bg3 Qd7 16. Qa3 Bg6 17. Qd6 Qxd6 18. Bxd6 Rfe8 19. h3 a5 20. Rfc1 Ne4 21. Nxe4 Bxe4 22. a4 Nc8 23. Bc5 Bf5 24. Rc3 Bd7 25. Rac1 Kg7 26. Kf1 Kg6 27. Ke1 f5 28. Kd2 Rb8 29. Rb3 b6 30. Ba6 b5 31. Bxc8 Rexc8 32. Bd6 Rb7 33. Rc5 Kf7 34. axb5 Rxb5 35. Kc3 Ke6 36. Bg3 Ra8 37. h4 Ra6 38. hxg5 hxg5 39. Ra3 a4 40. Bc7 Ra7 41. Bd8 g4 42. b4 Rb8 43. Ba5 Rh8 44. Ra1 Rh2 45. Rg1 Kd6 46. Bd8 Rh8 47. Bf6 Rha8 48. Ra1 Bc8 49. Be5+ Kd7 50. Ra3 Ba6 51. Rxa4 Bb5 52. Rxa7+ Rxa7 53. Kb2 Ra4 54. Rc3 1/2-1/2

[Event "45th Olympiad 2024"]
[Site "Budapest HUN"]
[Date "2024.09.14"]
[Round "4.40"]
[Board "3"]
[White "Ouakhir, Mehdi Pierre"]
[Black "Roselli Mailhe, Bernardo"]
[Result "1-0"]
[WhiteElo "2191"]
[BlackElo "2362"]
[PlyCount "85"]
[EventDate "2024.09.11"]
[WhiteTeam "Morocco"]
[BlackTeam "Uruguay"]
[WhiteTeamCountry "MAR"]
[BlackTeamCountry "URU"]

1. g4 d5 2. Bg2 c6 3. g5 h6 4. h4 hxg5 5. hxg5 Rxh1 6. Bxh1 e5 7. d4 ({RR} 7. d3 Bd6 8. c4 d4 9. Nf3 Ne7 10. Nbd2 Bf5 11. Nh4 g6 12. a3 a5 13. Ne4 Bxe4 14. Bxe4 Nd7 15. Rb1 Nc5 16. b4 axb4 17. axb4 Nxe4 18. dxe4 Qd7 19. Qd3 Qg4 20. Nf3 Ra2 21. Qb3 Ra8 {0-1 Zhigalko,S (2572)-Pichot,A (2644) Titled Tue 19th Mar Late 2024 (10)}) 7... e4 8. c4 Bd6 $146 ({RR} 8... Bb4+ 9. Kf1 Ne7 10. cxd5 cxd5 11. Bf4 Nbc6 12. e3 Ng6 13. Bg2 Be6 14. Nc3 Nxf4 15. exf4 Bxc3 16. bxc3 Qc7 17. Ne2 Bg4 18. Qd2 Na5 19. Ng3 Nc4 20. Qe1 Qxf4 21. Rb1 Nd2+ 22. Kg1 Nxb1 23. Qxb1 {0-1 Bordi,K (2282)-Quesada Perez,Y (2624) Titled Tuesday intern op 1st Aug blitz 2017 (5)}) ({RR} 8... Be6 9. Nc3 Ne7 10. Bg2 Nf5 11. cxd5 cxd5 12. Nh3 Nc6 13. Nf4 Nfxd4 14. g6 Bb4 15. Bd2 Qd7 16. a3 Ba5 17. b4 Bc7 18. Be3 Bxf4 19. Bxf4 a6 20. Na4 fxg6 21. Nb6 Qf7 22. Be3 Nf5 23. Nxa8 {1-0 Rakitin,D (2176)-Bold,A (2215) Titled Tue 7th May Late 2024 (2)}) ({RR} 8... Be7 9. g6 fxg6 10. Nc3 Nf6 11. Bf4 Be6 12. Qb3 Qb6 13. c5 Qxb3 14. axb3 Nbd7 15. b4 Nh5 16. Bh2 Ndf6 17. f3 exf3 18. exf3 Kf7 19. Nge2 Bf5 20. b5 Bd3 21. bxc6 bxc6 22. Kd2 Bxe2 23. Nxe2 {1-0 Bordi,K (2282)-D'Innocente,S (2261) Titled Tuesday intern op 5th Sept blitz 2017 (7)}) ({RR} 8... Qc7 9. Bg2 Qh2 10. Kf1 Ne7 11. Qb3 Qc7 12. Nc3 Be6 13. Nh3 Qb6 14. Nf4 Qxb3 15. axb3 Na6 16. Nxe6 fxe6 17. Be3 Nb4 18. Ra4 Nc2 19. c5 Nf5 20. b4 Ncxe3+ 21. fxe3 Nxe3+ 22. Kf2 Nc4 23. b5 {0-1 Omariev,M (2304)-Erzhanov,A (2229) Titled Tuesday intern op 19th Jan blitz 2021 (3)}) 9. Nc3 Ne7 10. f3 Bh2 11. Kf1 Qd6 12. fxe4 dxe4 13. Nxe4 Qg6 14. Bg2 Bc7 15. Qe1 Nf5 16. Qf2 Na6 17. Bf4 Bxf4 18. Qxf4 Kf8 19. Nf3 Qe6 20. Kf2 Ne7 21. Rh1 Ng6 22. Qd6+ Qxd6 23. Nxd6 Ke7 24. c5 Bd7 25. Nh4 Nxh4 26. Rxh4 Nc7 27. Nxb7 Rb8 28. Na5 Rxb2 29. Nxc6+ Bxc6 30. Bxc6 Ne6 31. Re4 Rb4 32. Ke3 g6 33. Bd5 Kd7 34. Bxe6+ fxe6 35. d5 Rb5 36. Rxe6 Rxc5 37. Kd4 Rc2 38. e4 Rxa2 39. Rxg6 a5 40. Ra6 Rg2 41. g6 a4 42. g7 a3 43. Ra7+ 1-0

[Event "45th Olympiad 2024"]
[Site "Budapest HUN"]
[Date "2024.09.14"]
[Round "4.40"]
[Board "4"]
[White "Coppola, Claudio"]
[Black "Moayad, Anas"]
[Result "0-1"]
[WhiteElo "2286"]
[BlackElo "2016"]
[PlyCount "156"]
[EventDate "2024.09.11"]
[WhiteTeam "Uruguay"]
[BlackTeam "Morocco"]
[WhiteTeamCountry "URU"]
[BlackTeamCountry "MAR"]

1. d4 Nf6 2. c4 e6 3. g3 c5 4. Nf3 cxd4 5. Nxd4 d5 6. Bg2 e5 7. Nf3 d4 8. O-O Nc6 9. e3 Be7 10. exd4 exd4 11. Bf4 O-O 12. Ne5 Nxe5 13. Bxe5 Bc5 14. b4 ({RR} 14. Nd2 Ng4 15. Bf4 g5 16. Nb3 gxf4 17. Nxc5 fxg3 18. hxg3 Qd6 19. Ne4 Qh6 20. Re1 Be6 21. Qxd4 Rad8 22. Qc5 f5 23. Nc3 Rc8 24. Qe7 Qh2+ 25. Kf1 Bxc4+ 26. Ne2 Rce8 27. Qg5+ Kh8 28. Qd2 f4 {0-1 Gelfand,B (2729)-Inarkiev,E (2702) Nazran Tower of Concord rapid m2 2017 (5)}) 14... Bxb4 15. Qxd4 Qxd4 16. Bxd4 Rd8 $146 ({RR} 16... Be6 17. Nc3 Bxc4 18. Rfb1 Bxc3 19. Bxc3 Nd5 20. Bd4 b5 21. a4 a6 22. axb5 axb5 23. Rxa8 Rxa8 24. Bxd5 Bxd5 25. Rxb5 Be6 26. Be5 {½-½ Orian,N (1999)-Yaniv,O (2117) Dov Porat Rapid A 2023 (2.14)}) 17. Bc3 Bxc3 18. Nxc3 Be6 19. Rfb1 Rac8 20. Rxb7 Rxc4 21. Nd1 a5 22. Ne3 Rcd4 23. Ra7 a4 24. Bc6 Bd7 25. Bxd7 R8xd7 26. Rc1 g6 27. Ra5 Rb4 28. a3 Rb2 29. Rxa4 Ra2 30. Rc2 Ra1+ 31. Kg2 Kg7 32. Rb2 h5 33. h3 Rd3 34. Nc2 Rc1 35. Ra7 Ne8 36. Ne3 Ra1 37. Rb8 Nd6 38. Rd8 Nb5 39. Rxd3 Nxa7 40. Nc2 Ra2 41. Nd4 Kf6 42. Kf3 Nc8 43. Nb5 Ke7 44. Rc3 Kd8 45. Rb3 Kd7 46. Nc3 Rc2 47. a4 Kc6 48. a5 Rc1 49. Na2 Ra1 50. Rb2 Rd1 51. Rc2+ Kd7 52. Ke3 Rb1 53. Nc3 Rb7 54. Ne4 Ra7 55. Rc5 f5 56. Nd2 Nd6 57. Kf4 Nb7 58. Rb5 Nd6 59. Rc5 Nb7 60. Re5 Nxa5 61. Kg5 Nc6 62. Re3 Ne7 63. Nf3 Ra6 64. Ne5+ Ke8 65. Rb3 Kf8 66. Rb8+ Kg7 67. Rb7 Kf8 68. f4 Re6 69. Rb8+ Kg7 70. Re8 Kh7 71. Nc6 Rxc6 72. Rxe7+ Kg8 73. Kh6 Kf8 74. Rg7 g5+ 75. Rg6 Rxg6+ 76. Kxg6 h4 77. fxg5 hxg3 78. Kxf5 g2 0-1

[Event "45th Olympiad 2024"]
[Site "Budapest HUN"]
[Date "2024.09.14"]
[Round "4.41"]
[Board "1"]
[White "Volodin, Aleksandr"]
[Black "Tan, Jun Ying"]
[Result "1/2-1/2"]
[WhiteElo "2457"]
[BlackElo "2322"]
[PlyCount "79"]
[EventDate "2024.09.11"]
[WhiteTeam "Estonia"]
[BlackTeam "Malaysia"]
[WhiteTeamCountry "EST"]
[BlackTeamCountry "MAS"]

1. d4 d5 2. c4 c6 3. Nf3 Nf6 4. e3 Bf5 5. Nc3 a6 6. Ne5 Nbd7 7. Qb3 Qc7 8. cxd5 Nxe5 9. dxe5 Nxd5 10. Nxd5 cxd5 11. Bd2 Qxe5 12. Rc1 Bd7 13. f4 ({RR} 13. Qxb7 Rb8 14. Qxa6 Qxb2 15. Bd3 e6 16. Ke2 Bb4 17. Rc2 Qxc2 18. Bxc2 {1-0 Navara,D (2669)-Subelj,J (2511) Titled Tue 19th Mar Early 2024 (8)}) 13... Qb8 14. Qxd5 e6 15. Qf3 $146 ({RR} 15. Qg5 Qd8 16. Qxd8+ Rxd8 17. Rc7 Rb8 18. Bc3 Bd6 19. Rc4 f6 20. Be2 Ke7 21. Bb4 Bxb4+ 22. Rxb4 b5 23. Kd2 Bc6 24. Rc1 Rhd8+ 25. Rd4 Rxd4+ 26. exd4 Kd6 27. g3 Bd5 28. a3 Rg8 29. Bd3 h5 {0-1 Sarana,A (2662)-Le,T (2542) Titled Tuesday intern op 06th Sep Early blitz 2022 (7)}) 15... Bd6 16. Bc3 O-O 17. Bd3 f5 18. O-O Bc6 19. Qg3 Rf7 20. Rfd1 Bf8 21. Bc4 Qe8 22. Qe1 Rd7 23. Rxd7 Qxd7 24. Rd1 Qf7 25. Qg3 Re8 26. h3 Re7 27. Rd8 Re8 28. Rd2 Re7 29. Qg5 h6 30. Qg3 Rd7 31. Rd4 Kh7 32. Kh2 Bc5 33. Rxd7 Bxd7 34. Bd4 Bxd4 35. exd4 Bc6 36. Qe3 Be4 37. Qb3 Qg6 38. Qg3 Qf6 39. Qe3 Qg6 40. Qg3 1/2-1/2

[Event "45th Olympiad 2024"]
[Site "Budapest HUN"]
[Date "2024.09.14"]
[Round "4.41"]
[Board "3"]
[White "Kanep, Meelis"]
[Black "Kavin Mohan"]
[Result "1-0"]
[WhiteElo "2367"]
[BlackElo "1997"]
[PlyCount "99"]
[EventDate "2024.09.11"]
[WhiteTeam "Estonia"]
[BlackTeam "Malaysia"]
[WhiteTeamCountry "EST"]
[BlackTeamCountry "MAS"]

1. d4 Nf6 2. Nf3 d5 3. e3 c5 4. Bd3 Nc6 5. h3 g6 6. O-O cxd4 7. exd4 Bg7 8. c3 Bf5 9. Bxf5 ({RR} 9. Re1 Bxd3 10. Qxd3 O-O 11. Bf4 e6 12. Nbd2 Rc8 13. Ne5 Nd7 14. Nxd7 Qxd7 15. h4 f6 16. Nf3 Rfe8 17. Rad1 e5 18. dxe5 fxe5 19. Bg3 e4 20. Rxe4 Rxe4 21. Qxe4 dxe4 22. Rxd7 exf3 23. Rxb7 fxg2 {½-½ Vachier Lagrave,M (2718)-Niemann,H (2703) chess.com SpeedChess 2024 (1.21)}) 9... gxf5 10. Bf4 ({RR} 10. Qd3 e6 11. Re1 O-O 12. Bg5 Qb6 13. Bxf6 Bxf6 14. b3 Kh8 15. Nbd2 Rg8 16. Ne5 Bxe5 17. dxe5 Rg6 18. Nf3 Rag8 19. g3 Rxg3+ 20. Kf1 Rxh3 21. Ke2 Rg2 22. Qe3 Qxe3+ 23. Kxe3 Nxe5 {0-1 Annapureddy,R (1986)-Kashefi,A (2190) Titled Tue 7th May Early 2024 (2)}) 10... e6 11. Qb3 $146 ({RR} 11. Nbd2 Ne4 12. Ne1 Qh4 13. Nd3 Bh6 14. Nf3 Qh5 15. Bxh6 Qxh6 16. Qc1 Qxc1 17. Rfxc1 Ke7 18. Nfe1 Rhg8 19. Nf4 Na5 20. Ned3 Nc4 21. Rc2 Rac8 22. Re1 Rg5 23. f3 Nf6 24. Nc5 b6 25. Ncd3 Kd7 {0-1 Szpar,M (2434)-Licznerski,L (2439) POL-ch Lotto Loser Final 79th rapid 2022 (5.1)}) ({RR} 11. Nbd2 Ne4 12. Re1 Rg8 13. Ne5 Nxe5 14. dxe5 Bf8 15. Nxe4 fxe4 16. c4 Bc5 17. cxd5 exd5 18. e6 fxe6 19. Qh5+ Kd7 20. Qxh7+ Kc6 21. Rac1 b6 22. b4 Qf6 23. Be3 Rg7 24. Qh6 Rg6 25. Qf4 Qg7 {1-0 Cagara,P (2045)-Anusca,M (2003) Titled Tuesday intern op 05th Oct blitz 2021 (10)}) ({RR} 11. Nbd2 O-O 12. Ne5 Nd7 13. Nd3 Re8 14. a4 Nf8 15. Re1 Ng6 16. Be3 f6 17. Qh5 Qd7 18. f4 Kh8 19. g4 b6 20. Kf2 Rg8 21. Rg1 e5 22. Qxf5 Qxf5 23. gxf5 Nh4 24. dxe5 fxe5 25. fxe5 Nxf5 {1-0 Abramovic,B (2489)-Zlatic,M (2428) Timisoara Cup-A 2005 (3)}) 11... Qd7 12. Ne5 Nxe5 13. Bxe5 O-O 14. Nd2 Rac8 15. a4 Ne4 16. Nf3 Bh6 17. Bh2 f6 18. Qb5 Qg7 19. Qe2 Rce8 20. Kh1 Kh8 21. Rad1 Rg8 22. Ne1 Qg5 23. f3 Ng3+ 24. Bxg3 Qxg3 25. Qf2 Bf4 26. Qxg3 Bxg3 27. f4 e5 28. dxe5 fxe5 29. fxe5 Rxe5 30. Nf3 Re2 31. Rxd5 Rxb2 32. Rxf5 h6 33. Nd4 Bd6 34. R5f2 Rxf2 35. Rxf2 Re8 36. g4 Re3 37. Rf3 Rxf3 38. Nxf3 a6 39. c4 Kg7 40. Kg2 h5 41. gxh5 Kh6 42. Kf2 Kxh5 43. Ke3 Kg6 44. Ke4 Kf6 45. Kd5 Bf4 46. Nd4 Be3 47. Ne6 b6 48. Nc7 a5 49. Na8 b5 50. cxb5 1-0

[Event "45th Olympiad 2024"]
[Site "Budapest HUN"]
[Date "2024.09.14"]
[Round "4.42"]
[Board "3"]
[White "Ribera Veganzones, Serni"]
[Black "Saif, Malek"]
[Result "1/2-1/2"]
[WhiteElo "2309"]
[BlackElo "2162"]
[PlyCount "117"]
[EventDate "2024.09.11"]
[WhiteTeam "Andorra"]
[BlackTeam "Jordan"]
[WhiteTeamCountry "AND"]
[BlackTeamCountry "JOR"]

1. e4 e5 2. Nf3 Nc6 3. Bc4 Nf6 4. d3 Bc5 5. c3 d6 6. O-O Bb6 7. Nbd2 h6 ({RR} 7... Ne7 8. Re1 Ng6 9. Nf1 O-O 10. Ng3 c6 11. Bb3 h6 12. h3 d5 13. Be3 Bc7 14. Qc2 Re8 15. Rad1 Be6 16. d4 Nxe4 17. Nxe4 Bf5 18. Nfd2 exd4 19. Bxd4 dxe4 20. Nxe4 Qe7 21. f3 Nf4 22. Qf2 {½-½ Predojevic,B (2609)-Sokolov,I (2655) Sarajevo Bosnia-A 37th 2007 (1)}) 8. Bb3 Bg4 $146 ({RR} 8... O-O 9. Nc4 Be6 10. Re1 Ne7 11. Nxb6 axb6 12. d4 Ng6 13. a3 Bxb3 14. Qxb3 Nh5 15. dxe5 dxe5 16. Be3 Qe7 17. Rad1 Rad8 18. Kf1 Nf6 19. Qc4 Rd7 20. Rxd7 Qxd7 21. Nd2 Ng4 22. Nf3 Rd8 23. h3 {0-1 Pfaffel,T (2070)-Gross,D (2360) Feldbach op 1997 (1)}) ({RR} 8... g5 9. Nc4 Rg8 10. a4 Bg4 11. a5 Bc5 12. Ba4 a6 13. d4 Nxe4 14. Qe2 f5 15. dxc5 Nxc5 16. Ncxe5 dxe5 17. Qc4 Rg6 18. Nxe5 {1-0 Milliet,S (2391)-Bluhm,S (2202) Frauenbundesliga 2023-24 (5.5)}) ({RR} 8... a6 9. Nc4 Ba7 10. Re1 O-O 11. Bc2 Ng4 12. Rf1 f5 13. Bb3 Kh8 14. exf5 Bxf5 15. h3 Nxf2 16. Rxf2 Bxf2+ 17. Kxf2 e4 18. dxe4 Bxe4 19. Ncd2 Bxf3 20. Nxf3 Ne5 21. Kg3 Qf6 22. Be3 Rae8 23. Ng1 {0-1 Cafferty,B (2295)-Watson,I British CF-68 Championship 1981 (7)}) ({RR} 8... Be6 9. Nc4 Qe7 10. a4 Bxc4 11. Bxc4 a5 12. Kh1 g5 13. Be3 Nd7 14. Nd2 Qf6 15. Bb5 Qe6 16. Nc4 f5 17. d4 exd4 18. cxd4 Qxe4 19. d5 Bxe3 20. dxc6 bxc6 21. Re1 cxb5 22. Rxe3 bxc4 23. Rxe4+ {1-0 Schlingensiepen,C (2300)-Vatter,H (2265) Bundesliga 9798 1997 (3.8)}) 9. Re1 Nh7 10. h3 Bh5 11. g4 Bg6 12. Nc4 h5 13. Nxb6 axb6 14. g5 Qd7 15. Kh2 h4 16. Ng1 f6 17. Qg4 f5 18. exf5 Bxf5 19. Qh5+ g6 20. Qe2 O-O-O 21. Bd5 Be6 22. Bg2 d5 23. Nf3 Rde8 24. Bd2 Bf7 25. Nxh4 Nf6 26. Nf3 Nh5 27. Rad1 Nf4 28. Bxf4 exf4 29. Qd2 Qd6 30. Rxe8+ Bxe8 31. Re1 Bd7 32. d4 Bf5 33. Ne5 f3 34. Bxf3 Rxh3+ 35. Kg2 Rh4 36. Qe3 Nd8 37. Rh1 Rxh1 38. Kxh1 Kb8 39. Bg2 Ne6 40. Kg1 Qd8 41. Nxg6 Bxg6 42. Qxe6 Qxg5 43. f4 Qg3 44. f5 Bh5 45. Qe5 Qh4 46. f6 Bf7 47. Bf3 Ka7 48. Kf1 c6 49. Ke2 Qh7 50. Kf2 Qc2+ 51. Qe2 Qf5 52. Qe5 Qc2+ 53. Kg3 Qxb2 54. Qe7 Bg6 55. Qg7 Qc2 56. Kf4 Qf5+ 57. Kg3 Ka6 58. Bg4 Qg5 59. Kh3 1/2-1/2

[Event "45th Olympiad 2024"]
[Site "Budapest HUN"]
[Date "2024.09.14"]
[Round "4.43"]
[Board "1"]
[White "Liyanage, Ranindu Dilshan"]
[Black "Navara, David"]
[Result "0-1"]
[WhiteElo "2366"]
[BlackElo "2681"]
[PlyCount "52"]
[EventDate "2024.09.11"]
[WhiteTeam "Sri Lanka"]
[BlackTeam "Czech Republic"]
[WhiteTeamCountry "SRI"]
[BlackTeamCountry "CZE"]

1. e4 c5 2. Nf3 d6 3. d4 cxd4 4. Nxd4 Nf6 5. Nc3 a6 6. Be3 e5 7. Nf3 Qc7 8. a4 Be6 9. Ng5 Bc4 10. Bxc4 Qxc4 11. a5 ({RR} 11. Qd3 Qxd3 12. cxd3 Nbd7 13. O-O h6 14. Nf3 Be7 15. d4 O-O 16. Rac1 Rac8 17. Rfd1 Rfd8 18. h3 b5 19. axb5 axb5 20. dxe5 dxe5 21. Nd5 Nxd5 22. Rxc8 Rxc8 23. Rxd5 Nf6 24. Rxb5 Bd6 25. Nxe5 Nxe4 {½-½ Sanhueza,C (2213)-Schut,H (2077) Titled Tue 4th Jun Early 2024 (3)}) 11... Nbd7 12. Ra4 Qc6 13. Qd3 $146 ({RR} 13. Qa1 h6 14. Nf3 d5 15. exd5 Nxd5 16. Nxd5 Qxd5 17. O-O Qe6 18. Re1 Bd6 19. Nd4 Qg6 20. Ne2 O-O 21. Qd1 Rac8 22. c3 Rc6 23. Qb3 Nc5 24. Bxc5 Bxc5 25. Ng3 b5 26. axb6 Rxb6 {½-½ Dgebuadze,A (2536)-Armas,J (2378) Sonnevanck 9th 2000 (8)}) ({RR} 13. O-O Be7 14. Qa1 h6 15. Nf3 d5 16. exd5 Nxd5 17. Nxd5 Qxd5 18. Rg4 Rc8 19. Rd1 Qe6 20. Qa4 Bf6 21. Rb4 Qc6 22. Qxc6 bxc6 23. Nd2 Rb8 24. Rxb8+ Nxb8 25. Nc4 Ke7 26. Bc5+ Ke6 27. Rd6+ Kf5 {1-0 Zezulkin,J (2475)-Roeber,B (2310) BL2-Nord 9900 1999 (4.1)}) ({RR} 13. O-O Be7 14. Qe2 Rc8 15. Rd1 O-O 16. Nf3 Rfe8 17. Bg5 h6 18. Bxf6 Nxf6 19. Ne1 Bf8 20. Raa1 Qc4 21. Qe3 Qb4 22. Nd3 Qd4 23. Qe1 Rxc3 24. bxc3 Qxe4 25. Qxe4 Nxe4 26. Rdb1 Re7 27. Rb3 Nd2 {½-½ Medvegy,N (2275)-Vajda,S (2382) Budapest FS02 IM-B 2000 (9)}) 13... Rc8 14. Nf3 Be7 15. Nd2 O-O 16. O-O Rfd8 17. Rc4 Nc5 18. Bxc5 dxc5 19. Qe2 Qe6 20. Nb3 Rc6 21. Na4 Nh5 22. Re1 Nf4 23. Qf1 Qg4 24. f3 Qh4 25. g3 Rg6 26. Naxc5 Rxg3+ 0-1

[Event "45th Olympiad 2024"]
[Site "Budapest HUN"]
[Date "2024.09.14"]
[Round "4.44"]
[Board "3"]
[White "Goh, Wei Ming Kevin"]
[Black "Escalona Landi, Samid Eduardo"]
[Result "0-1"]
[WhiteElo "2449"]
[BlackElo "2305"]
[PlyCount "76"]
[EventDate "2024.09.11"]
[WhiteTeam "Singapore"]
[BlackTeam "Venezuela"]
[WhiteTeamCountry "SIN"]
[BlackTeamCountry "VEN"]

1. e4 c5 2. Nf3 d6 3. d4 cxd4 4. Nxd4 Nf6 5. Nc3 Nc6 6. Bc4 Qb6 7. Nb3 e6 8. Bf4 Ne5 9. Be2 Bd7 10. Qd2 ({RR} 10. a4 Be7 11. a5 Qc7 12. a6 O-O 13. O-O Rfb8 {½-½ Kasparov,G (2795)-Kramnik,V (2730) Horgen 1995 (9)}) 10... a6 11. O-O-O Rc8 ({RR} 11... Be7 12. Be3 Qc7 13. Bg5 b5 14. Bxf6 gxf6 15. f4 Nc4 16. Bxc4 Qxc4 17. f5 b4 18. Ne2 e5 19. Kb1 a5 20. Qd3 Qxd3 21. cxd3 h5 22. Nd2 d5 23. Nf1 dxe4 24. dxe4 Bc6 25. Nd2 Rg8 26. g3 {0-1 Zhu,J (2476)-Shankland,S (2683) Titled Tue 4th Jun Early 2024 (8)}) 12. f3 h5 $146 ({RR} 12... Qc7 13. g4 b5 14. g5 Nh5 15. Be3 Nc4 16. Bxc4 bxc4 17. Nd4 Be7 18. Nde2 Qa5 19. Ng3 g6 20. Nxh5 gxh5 21. f4 Rb8 22. Qd4 O-O 23. a3 d5 24. exd5 Rxb2 25. Kd2 Ba4 26. Rc1 Rd8 27. Ke2 {1-0 Ninov,N (2562)-Cortes Bueno,J (2260) Pamplona San Juan op 3rd 2009 (3)}) ({RR} 12... Qc7 13. a4 h5 14. Kb1 Be7 15. h3 h4 16. Bg5 Nc6 17. f4 Nb4 18. e5 d5 19. Nd4 Ng8 20. f5 exf5 21. Bd3 g6 22. Rhe1 Be6 23. Nce2 Bxg5 24. Qxg5 Qe7 25. Qe3 Qd7 26. b3 Ne7 27. Qg5 {0-1 Petrosian,D (2436)-Zubarev,A (2559) Mumbai Mayors Cup 6th 2013 (10)}) ({RR} 12... Qc7 13. g4 b5 14. g5 Nh5 15. Be3 b4 16. Nb1 Nc4 17. Bxc4 Qxc4 18. Qd3 Bb5 19. Qxc4 Bxc4 20. Rhe1 e5 21. Na5 Bxa2 22. b3 Bxb1 23. Kxb1 Be7 24. Bd2 O-O 25. Bxb4 Bxg5 26. Bxd6 Rfe8 27. Nc4 {0-1 Zepeda,L (2187)-Vibbert,S (2159) US Open-112 Orlando 2011 (4)}) 13. Bg5 Bc6 14. Rhe1 Be7 15. Bf1 Qc7 16. f4 Ng6 17. g3 b5 18. a3 O-O 19. Bh3 Rfe8 20. Nd4 Bd7 21. f5 Nf8 22. Nf3 a5 23. fxe6 fxe6 24. Bxf6 gxf6 25. Nd4 b4 26. Nb1 Qc5 27. Bf1 Ng6 28. Nb3 Qb6 29. axb4 axb4 30. e5 Nxe5 31. Rxe5 fxe5 32. Qh6 Bf8 33. Qg6+ Bg7 34. Nd4 Re7 35. Bd3 Qxd4 36. Qh7+ Kf8 37. Bg6 Qe3+ 38. Nd2 Bb5 0-1